[Event "Dortmund"]
[Site "Dortmund"]
[Date "1979.??.??"]
[Round "1"]
[White "Bouaziz, Slim"]
[Black "Boehmfeldt, Bruno"]
[Result "0-1"]
[WhiteElo "2420"]
[BlackElo "2230"]

1.e4 c6 2.d4 g6 3.Nf3 d5 4.e5 h5 5.h3 Bf5 6.Nc3 Nh6 7.Be2 e6 8.a3 c5 9.dxc5 Bxc5
10.g4 Bxg4 11.hxg4 Nxg4 12.O-O h4 13.Na4 Be7 14.Qd4 Nh6 15.Bxh6 Rxh6 16.Nh2 Qa5
17.Nc3 Nc6 18.Bb5 Rh5 19.Ng4 Rg5 20.f3 Kf8 21.Qf2 Nxe5 22.Kh1 Rc8 23.Rae1 Bd6
24.Qd2 Qd8 25.Bd3 Kg7 26.Nxe5 Rxe5 27.Ne2 Qf6 28.c3 Rh5 29.f4 Bc5 30.f5 gxf5
31.Nf4 Rg5 32.b4 Be7 33.Bxf5 Rxf5 34.Nh5+ Rxh5 35.Rxf6 Bxf6 36.Qf4 Rf5 37.Rg1+ Kh7
38.Qg4 Rg5 39.Qxh4+ Kg6 40.Rxg5+ Bxg5 41.Qd4 b6 42.Qd3+ Kg7 43.a4 Bf6 44.Qa6 Rc7
45.a5 bxa5 46.Qxa5 Be5 47.Kg2 Kf6 48.Kf2 Bd6 49.Ke2 Ke7 50.Qa6 Be5 51.Qa5 Bf4
52.Kf3 Bd6 53.Ke2 Kd8 54.Kf3 Be7 55.Qb5  0-1

[Event "Dortmund"]
[Site "Dortmund"]
[Date "1979.??.??"]
[Round "3"]
[White "Bouaziz, Slim"]
[Black "Schussler, Harry"]
[Result "1/2-1/2"]
[WhiteElo "2420"]
[BlackElo "2460"]

1.e4 g6 2.d4 Bg7 3.f4 d6 4.Nc3 Nf6 5.Nf3 O-O 6.Bd3 Na6 7.e5 Nd7 8.e6 fxe6
9.Ng5 Nf6 10.Qe2 c5 11.Bxa6  1/2-1/2

[Event "Dortmund"]
[Site "Dortmund"]
[Date "1979.??.??"]
[Round "4"]
[White "Ghinda, Mihail Viorel"]
[Black "Bouaziz, Slim"]
[Result "1/2-1/2"]
[WhiteElo "2455"]
[BlackElo "2420"]

1.Nf3 Nf6 2.c4 g6 3.Nc3 Bg7 4.e4 d6 5.d4 O-O 6.h3 c5 7.d5 e6 8.Bd3 exd5 9.exd5 Re8+
10.Be3 b5 11.Nxb5 Ne4 12.O-O Bxb2 13.Rb1 Bg7 14.Qc2 a6 15.Bxe4 axb5 16.cxb5 Nd7
17.Rfe1 Nb6 18.Bg5 Qd7 19.Nd2 h6 20.Be3 Ra4 21.Bd3 Qa7 22.Ne4 Rxa2 23.Qc1 Rxe4
24.Bxe4 Kh7 25.Bf4 Qd7 26.Bf3 Bb7 27.Qd1 Ra4 28.Re4 Ra8 29.Re2 Ra4 30.Bg3 Bf6
31.Re4 Ra8 32.Rf4 Bg5 33.Ra1 Bxf4 34.Bxf4 Rxa1 35.Qxa1 Nxd5 36.Bxd5 Bxd5
37.b6 g5 38.Bc1 Qe6 39.Bb2 g4 40.hxg4 Qxg4 41.Qb1+  1/2-1/2

[Event "Dortmund"]
[Site "Dortmund"]
[Date "1979.??.??"]
[Round "5"]
[White "Bouaziz, Slim"]
[Black "Perecz, Laszlo"]
[Result "1-0"]
[WhiteElo "2420"]
[BlackElo "2315"]

1.e4 e5 2.Nf3 Nc6 3.c3 Be7 4.d4 d6 5.Bb5 Bd7 6.O-O Nf6 7.Nbd2 O-O 8.Ba4 exd4
9.cxd4 Bg4 10.Qc2 Nb4 11.Qb3 d5 12.e5 Ne4 13.a3 Nxd2 14.Bxd2 Bxf3 15.Qxf3 Nc6
16.Qd3 f5 17.Bxc6 bxc6 18.Rfc1 Qd7 19.b4 Rab8 20.Qa6 Rb6 21.Qxa7 f4 22.f3 c5
23.dxc5 Rg6 24.c6 Qh3 25.Qf2 Rf5 26.Kh1 Qh5 27.b5 Rh6 28.h3 Bh4 29.Qf1  1-0

[Event "Dortmund"]
[Site "Dortmund"]
[Date "1979.??.??"]
[Round "6"]
[White "Gerusel, Mathias"]
[Black "Bouaziz, Slim"]
[Result "1/2-1/2"]
[WhiteElo "2425"]
[BlackElo "2420"]

1.d4 Nf6 2.c4 c5 3.d5 e6 4.Nc3 exd5 5.cxd5 d6 6.Nf3 g6 7.e4 Bg7 8.Be2 O-O
9.O-O Re8 10.Nd2 Nbd7 11.a4 Ne5 12.h3 g5 13.Nf3 Nxf3+ 14.Bxf3 h6 15.Rb1 b6
16.b4 Nd7 17.Bd2 cxb4 18.Rxb4 Nc5 19.Qb1 Rb8 20.Nb5 a5 21.Rc4 Ba6 22.Re1 Be5
23.Be3 Re7  1/2-1/2

[Event "Dortmund"]
[Site "Dortmund"]
[Date "1979.??.??"]
[Round "7"]
[White "Bouaziz, Slim"]
[Black "Nikolac, Juraj"]
[Result "1/2-1/2"]
[WhiteElo "2420"]
[BlackElo "2450"]

1.e4 e5 2.Nf3 Nc6 3.Bb5 a6 4.Bxc6 dxc6 5.O-O Ne7 6.d4 Bg4 7.dxe5 Qxd1 8.Rxd1 Ng6
9.h3 Bxf3 10.gxf3 Nxe5 11.f4 Nd7 12.Kg2 O-O-O 13.Be3 g6 14.Nc3 Bb4 15.Ne2 Rhe8
16.Kf3 Bf8 17.Ng3 Bg7 18.Bd4 Bxd4 19.Rxd4 c5 20.Rd5 Nb6 21.Rxc5 Na4 22.Rc4 Nxb2
23.Rb4 Nd1 24.e5 Nc3 25.Rc4 Nb5 26.a4 Nd4+ 27.Kg2 Nc6 28.Ne4 h6 29.h4 h5
30.Ra3 Rd4 31.Rac3 Rxc4 32.Rxc4 Rd8 33.Ng5 Rd7 34.c3 Nd8 35.f5 Re7 36.fxg6 fxg6
37.f4 b6 38.Kf3 Nb7 39.Rc6 Rg7 40.Ne6 Rf7 41.Ng5 Rg7 42.Ne6  1/2-1/2

[Event "Dortmund"]
[Site "Dortmund"]
[Date "1979.??.??"]
[Round "8"]
[White "Borik, Otto"]
[Black "Bouaziz, Slim"]
[Result "1-0"]
[WhiteElo "2395"]
[BlackElo "2420"]

1.e4 c5 2.Nf3 d6 3.d4 cxd4 4.Nxd4 Nf6 5.Nc3 a6 6.Bc4 e6 7.Bb3 b5 8.Bg5 b4
9.Na4 Nbd7 10.O-O Bb7 11.Re1 Be7 12.c3 bxc3 13.Bxe6 cxb2 14.Nxb2 fxe6 15.Nxe6 Qb8
16.Nxg7+ Kf7 17.Nf5 Bf8 18.Nc4 d5 19.exd5 Bb4 20.Bxf6 Nxf6 21.Ne5+ Kf8 22.Qd4  1-0

[Event "Dortmund"]
[Site "Dortmund"]
[Date "1979.??.??"]
[Round "9"]
[White "Bouaziz, Slim"]
[Black "Giorgadze, Tamaz"]
[Result "1/2-1/2"]
[WhiteElo "2420"]
[BlackElo "2535"]

1.e4 c5 2.Nf3 Nc6 3.d4 cxd4 4.Nxd4 g6 5.Nc3 Bg7 6.Be3 Nf6 7.Bc4 Qa5 8.O-O O-O
9.Bb3 d6 10.h3 Bd7 11.f4 Qh5 12.Qd3 b5 13.Rad1 b4 14.Nd5 Nxd5 15.Bxd5 Rac8
16.Rd2 a5 17.Rff2 Nxd4 18.Bxd4 Bxd4 19.Qxd4 e6 20.Bb7  1/2-1/2

[Event "Dortmund"]
[Site "Dortmund"]
[Date "1979.??.??"]
[Round "11"]
[White "Jansa, Vlastimil"]
[Black "Bouaziz, Slim"]
[Result "1-0"]
[WhiteElo "2495"]
[BlackElo "2420"]

1.e4 c6 2.c4 d5 3.cxd5 cxd5 4.exd5 Nf6 5.Bb5+ Nbd7 6.Nc3 a6 7.Qa4 g6 8.Nge2 Bg7
9.O-O O-O 10.Bxd7 Bxd7 11.Qb3 b5 12.d4 Bf5 13.Rd1 Qd7 14.Bg5 Ne4 15.Bf4 Rfd8
16.a4 bxa4 17.Nxa4 Nd6 18.Nec3 Rdb8 19.Qa2 Bc2 20.Rd2 Qf5 21.Bxd6 exd6 22.Qa3 Bf8
23.b4 Bh6 24.Re2 Bd3 25.Ree1 Bg7 26.Re3 Bc4 27.Rf3 Qc2 28.Nb2 Qb3 29.Nxc4 Qxc4
30.b5 axb5 31.Qxa8 Rxa8 32.Rxa8+ Bf8 33.h3 b4 34.Ne4 Kg7 35.Ra7 Qxd5 36.Nf6 Qxd4
37.Ne8+ Kh6 38.Rfxf7 b3 39.h4 Qh8 40.Nf6 Bg7 41.Rxg7 Qxg7 42.Rxg7 Kxg7 43.Nd5 b2
44.Nc3 Kf6 45.Kf1 Ke5 46.Ke2 Kd4 47.Kd2  1-0